Southville International School and Colleges
Your cart is empty.
  • Cart
  • Lists
    Public lists Eva Luna New books Lux_list list_1
    Your lists Log in to create your own lists
  • Log in to your account
  • Your cookies
  • Search history
Southville International School and Colleges
  • Advanced search
  • Recent comments
  • Most popular
  • Libraries

Log in to your account

Log in with GOOGLE


If you do not have an external account, but do have a local account, you can still log in:

  1. Home
  2. MARC view: The Philippine environment in the ecozoic age :
Normal view MARC view ISBD view

The Philippine environment in the ecozoic age : (Record no. 291601)

[ view plain ]
MARC details
000 -LEADER
fixed length control field 00826nam a2200253Ia 4500
008 - FIXED-LENGTH DATA ELEMENTS--GENERAL INFORMATION
fixed length control field 160319s9999 xx 000 0 und d
020 ## - INTERNATIONAL STANDARD BOOK NUMBER
International Standard Book Number 978-971-27-2125-0
050 ## - LIBRARY OF CONGRESS CALL NUMBER
Classification number FIL GE 160,P5
050 ## - LIBRARY OF CONGRESS CALL NUMBER
Item number .G35 2009
100 ## - MAIN ENTRY--PERSONAL NAME
Personal name Galang, Angelina P.
245 #4 - TITLE STATEMENT
Title The Philippine environment in the ecozoic age :
245 ## - TITLE STATEMENT
Remainder of title principles of environmental science in the Philippine setting /
245 ## - TITLE STATEMENT
Statement of responsibility, etc Angelina P. Galang.
260 ## - PUBLICATION, DISTRIBUTION, ETC. (IMPRINT)
Place of publication, distribution, etc Pasig City:
260 ## - PUBLICATION, DISTRIBUTION, ETC. (IMPRINT)
Name of publisher, distributor, etc Anvil Pub. Inc.,
260 ## - PUBLICATION, DISTRIBUTION, ETC. (IMPRINT)
Date of publication, distribution, etc 2009
300 ## - PHYSICAL DESCRIPTION
Extent 227 pages :
300 ## - PHYSICAL DESCRIPTION
Other physical details illustrations (some color) ;
300 ## - PHYSICAL DESCRIPTION
Dimensions 25 cm.
500 ## - GENERAL NOTE
General note includes bibliographical references and index.
650 ## - SUBJECT ADDED ENTRY--TOPICAL TERM
Topical term or geographic name as entry element Environmental policy -- Philippines.
650 ## - SUBJECT ADDED ENTRY--TOPICAL TERM
Topical term or geographic name as entry element Philippines -- Environmental conditions.
650 ## - SUBJECT ADDED ENTRY--TOPICAL TERM
General subdivision Environmental protection -- Philippines.
Holdings
Withdrawn status Lost status Damaged status Home library Current library Shelving location Date acquired Cost, normal purchase price Total Checkouts Full call number Barcode Date last seen Price effective from Koha item type
      South Mansfield College South Mansfield College Filipiniana Section 02/14/2011 510.00   FIL GE 160.P5 .G35 2009 SMC05380 03/19/2016 03/19/2016  

The Philippine environment in the ecozoic age :

APA

Galang A. P., .The Philippine environment in the ecozoic age. Pasig City: .

Chicago

Galang Angelina P, .The Philippine environment in the ecozoic age. Pasig City: .

Harvard

Galang A. P., .The Philippine environment in the ecozoic age. Pasig City: .

MLA

Galang Angelina P, .Pasig City: . .

  • Place hold
  • Print
  • Cite
  • Add to your cart (remove)
  • Save record
    BIBTEX Dublin Core MARCXML MARC (non-Unicode/MARC-8) MARC (Unicode/UTF-8) MARC (Unicode/UTF-8, Standard) MODS (XML) RIS
  • More searches
    Search for this title in:
    Other Libraries (WorldCat) Other Databases (Google Scholar) Online Stores (Bookfinder.com) Open Library (openlibrary.org)

Exporting to Dublin Core...

SOUTHVILLE LIBRARY

Southville International School and Colleges Library

1281 Tropical Ave. Cor. Luxembourg St., BF Homes International, Las Pinas City

Tel. No. 8256374 / 252358 Loc. 117/146

Powered by Koha